[Event "Titled Tuesday intern op 30th May Late"]
[Site "Chess.com INT"]
[Date "2023.05.30"]
[Round "1"]
[White "Hartikainen, Jarmo"]
[Black "Minko, Dmitry"]
[Result "0-1"]
[WhiteElo "2108"]
[BlackElo "2247"]
[PlyCount "42"]
[EventDate "2023.05.30"]
[EventType "swiss (blitz)"]
[EventRounds "11"]
[EventCountry "USA"]
[SourceTitle "CBM 214 Extra"]
[Source "ChessBase"]
[SourceDate "2023.07.31"]
[SourceVersion "1"]
[SourceVersionDate "2023.07.31"]
[SourceQuality "1"]

1. e4 e5 2. Nf3 Nc6 3. Bc4 Nf6 4. Ng5 d5 5. exd5 Nd4 6. c3 b5 7. Bf1 Nxd5 8. Bxb5+ Nxb5 9. Qf3 Qxg5 10. Qxd5 Rb8 11. 0-0 Be6 12. Qc6+ Bd7 13. Qe4 Nd6 14. Qd5 c6 15. Qa5 Bh3 16. g3 Bxf1 17. Kxf1 Be7 18. Na3 e4 19. Qxa7 0-0 20. d4 Qf6 21. Bf4 Rxb2 0-1

[Event "Titled Tuesday intern op 30th May Late"]
[Site "Chess.com INT"]
[Date "2023.05.30"]
[Round "6"]
[White "Minko, Dmitry"]
[Black "Timmermans, Mark"]
[Result "0-1"]
[WhiteElo "2247"]
[BlackElo "2392"]
[PlyCount "112"]
[EventDate "2023.05.30"]
[EventType "swiss (blitz)"]
[EventRounds "11"]
[EventCountry "USA"]
[SourceTitle "CBM 214 Extra"]
[Source "ChessBase"]
[SourceDate "2023.07.31"]
[SourceVersion "1"]
[SourceVersionDate "2023.07.31"]
[SourceQuality "1"]

1. e4 e5 2. Nf3 Nc6 3. d4 exd4 4. Nxd4 Nf6 5. Nc3 Bb4 6. Nxc6 bxc6 7. Bd3 d5 8. exd5 0-0 9. 0-0 cxd5 10. Bg5 c6 11. Qf3 Be7 12. h3 Re8 13. Ne2 Rb8 14. b3 h6 15. Bh4 Rb4 16. Bg3 Bd6 17. Rad1 Be6 18. c3 Rb7 19. Nd4 c5 20. Nf5 Bxf5 21. Bxf5 Bxg3 22. Qxg3 Rbe7 23. Qf3 Qa5 24. a4 Re5 25. Bc2 Rb8 26. Qd3 Qc7 27. Rfe1 g6 28. Rxe5 Qxe5 29. Qd2 Re8 30. b4 cxb4 31. cxb4 Kg7 32. Qd4 Qxd4 33. Rxd4 Re2 34. Bb3 Re5 35. f4 Re1+ 36. Kf2 Ra1 37. Bxd5 Rxa4 38. Bc6 Ra2+ 39. Kg3 Kf8 40. Rd8+ Ke7 41. Rb8 Kd6 42. b5 Nh5+ 43. Kf3 Ra3+ 44. Kf2 Nxf4 45. Rb7 f5 46. Rh7 h5 47. h4 Ra2+ 48. Kg3 Ne2+ 49. Kh2 Ra4 50. g3 Rg4 51. Rxa7 Nxg3 52. Rd7+ Ke6 53. Rd3 Ne2 54. b6 Rxh4+ 55. Kg2 Rb4 56. b7 Nf4+ 0-1

[Event "Titled Tuesday intern op 11th Apr Late"]
[Site "Chess.com INT"]
[Date "2023.04.11"]
[Round "6"]
[White "Jelcic, Marko"]
[Black "Minko, Dmitry"]
[Result "1-0"]
[WhiteElo "2201"]
[BlackElo "2247"]
[PlyCount "77"]
[EventDate "2023.04.11"]
[EventType "swiss (blitz)"]
[EventRounds "11"]
[EventCountry "USA"]
[SourceTitle "CBM 213 Extra"]
[Source "ChessBase"]
[SourceDate "2023.05.31"]
[SourceVersion "1"]
[SourceVersionDate "2023.05.31"]
[SourceQuality "1"]

1. c4 e6 2. Nc3 d5 3. cxd5 exd5 4. d4 Nf6 5. g3 c6 6. Bg2 Bd6 7. Nf3 0-0 8. 0-0 Bf5 9. Bg5 Nbd7 10. Nh4 Be6 11. e4 dxe4 12. Nxe4 Be7 13. Qd3 Nxe4 14. Bxe7 Qxe7 15. Bxe4 Nf6 16. Bg2 Rfd8 17. Rfe1 Qb4 18. Red1 c5 19. Qc3 Qxc3 20. bxc3 cxd4 21. cxd4 Bd5 22. Nf3 Rac8 23. Rab1 Rc2 24. a3 Ng4 25. Ne1 Rc7 26. h3 Nf6 27. Nf3 g6 28. Rb4 Rc3 29. Ne5 Rxa3 30. Bxd5 Nxd5 31. Rxb7 f6 32. Nc6 Re8 33. Rd7 Nc3 34. Rd2 a5 35. d5 a4 36. Kg2 Ra1 37. Ra7 a3 38. d6 Ne4 39. d7 1-0

[Event "Titled Tuesday intern op 11th Apr Early"]
[Site "Chess.com INT"]
[Date "2023.04.11"]
[Round "3"]
[White "Minko, Dmitry"]
[Black "Mendez Fortes, Eduardo Jesus"]
[Result "0-1"]
[WhiteElo "2247"]
[BlackElo "2250"]
[PlyCount "138"]
[EventDate "2023.04.11"]
[EventType "swiss (blitz)"]
[EventRounds "11"]
[EventCountry "USA"]
[SourceTitle "CBM 213 Extra"]
[Source "ChessBase"]
[SourceDate "2023.05.31"]
[SourceVersion "1"]
[SourceVersionDate "2023.05.31"]
[SourceQuality "1"]

1. e4 c5 2. Nf3 d6 3. d4 cxd4 4. Nxd4 Nf6 5. Nc3 a6 6. Be3 e5 7. Nb3 Be6 8. f3 Be7 9. Qd2 0-0 10. 0-0-0 Nbd7 11. g4 b5 12. g5 Nh5 13. h4 Nb6 14. Nd5 Bxd5 15. exd5 Ng3 16. Rh2 Nxf1 17. Rxf1 Nc4 18. Qd3 a5 19. Kb1 a4 20. Nc1 Rc8 21. b3 Nxe3 22. Qxe3 f5 23. f4 axb3 24. Nxb3 e4 25. h5 Rc4 26. h6 g6 27. Qc1 Qa8 28. Qb2 Rf7 29. Rd2 Bd8 30. Rd4 Rb7 31. Rfd1 Ra4 32. c3 Rba7 33. Rxa4 bxa4 34. Nd4 a3 35. Qb3 Rb7 36. Nb5 Qa6 37. c4 Qa5 38. Ka1 Bb6 39. Qxa3 Qxa3 40. Nxa3 Bc5 41. Nb5 Rb8 42. Kb2 Ra8 43. Re1 Kf7 44. Kb3 Ke7 45. a4 Kd7 46. Re2 Kc8 47. Ra2 Kb7 48. a5 Ra6 49. Ka4 Be3 50. Kb3 Bxf4 51. c5 dxc5 52. Kc4 Be3 53. d6 Kc6 54. Re2 Bd4 55. Nxd4+ cxd4 56. Kxd4 Kxd6 57. Ra2 Kc6 58. Rc2+ Kb5 59. Rc7 Re6 60. Rxh7 e3 61. Rb7+ Ka6 62. h7 e2 63. h8Q Kxb7 64. Qg7+ Kc6 65. Qa7 e1Q 66. Qb6+ Kd7 67. Qb7+ Ke8 68. Qc8+ Kf7 69. Qd7+ Re7 0-1

[Event "Titled Tuesday intern op 11th Apr Early"]
[Site "Chess.com INT"]
[Date "2023.04.11"]
[Round "9"]
[White "Minko, Dmitry"]
[Black "Samunenkov, Igor"]
[Result "0-1"]
[WhiteElo "2247"]
[BlackElo "2501"]
[PlyCount "64"]
[EventDate "2023.04.11"]
[EventType "swiss (blitz)"]
[EventRounds "11"]
[EventCountry "USA"]
[SourceTitle "CBM 213 Extra"]
[Source "ChessBase"]
[SourceDate "2023.05.31"]
[SourceVersion "1"]
[SourceVersionDate "2023.05.31"]
[SourceQuality "1"]

1. e4 c5 2. Nf3 Nc6 3. d4 cxd4 4. Nxd4 Nf6 5. Nc3 e5 6. Ndb5 d6 7. a4 a6 8. Na3 Bg4 9. f3 Be6 10. Bc4 Nb4 11. Bxe6 fxe6 12. 0-0 Be7 13. Nc4 Rc8 14. Qe2 Qc7 15. Ne3 0-0 16. Rd1 Rfd8 17. Kh1 Kh8 18. a5 d5 19. exd5 exd5 20. Na4 Nxc2 21. Nxc2 Qxc2 22. Rd2 Qf5 23. Nb6 Rc6 24. Qd1 d4 25. Re2 d3 26. Re1 Rxc1 27. Qxc1 d2 28. Qc7 dxe1Q+ 29. Rxe1 Qe6 30. Qxb7 Bb4 31. Rc1 Bxa5 32. Nc4 Qxc4 0-1

[Event "Titled Tuesday intern op 11th Apr Early"]
[Site "Chess.com INT"]
[Date "2023.04.11"]
[Round "2"]
[White "Minko, Dmitry"]
[Black "Tqebuchava, Zurab"]
[Result "1-0"]
[WhiteElo "2247"]
[BlackElo "2303"]
[PlyCount "61"]
[EventDate "2023.04.11"]
[EventType "swiss (blitz)"]
[EventRounds "11"]
[EventCountry "USA"]
[SourceTitle "CBM 213 Extra"]
[Source "ChessBase"]
[SourceDate "2023.05.31"]
[SourceVersion "1"]
[SourceVersionDate "2023.05.31"]
[SourceQuality "1"]

1. e4 d6 2. d4 g6 3. Nc3 Bg7 4. f4 c6 5. Nf3 Bg4 6. Be3 Bxf3 7. Qxf3 Nd7 8. 0-0-0 Qa5 9. e5 d5 10. Kb1 e6 11. Rg1 b5 12. g4 b4 13. Ne2 Ne7 14. Nc1 Qb6 15. Bd3 h5 16. h3 hxg4 17. hxg4 0-0-0 18. f5 exf5 19. gxf5 Bh6 20. fxg6 Nxg6 21. Bxg6 Bxe3 22. Qxe3 fxg6 23. Rxg6 Rhe8 24. Nb3 a5 25. Qh6 Kc7 26. e6 Nf8 27. Rg7+ Kb8 28. e7 Rc8 29. exf8Q Rxf8 30. Nc5 Rc7 31. Qd6 1-0

[Event "Titled Tuesday intern op 11th Apr Early"]
[Site "Chess.com INT"]
[Date "2023.04.11"]
[Round "1"]
[White "Salinas Herrera, Pablo Patricio"]
[Black "Minko, Dmitry"]
[Result "1-0"]
[WhiteElo "2498"]
[BlackElo "2247"]
[PlyCount "91"]
[EventDate "2023.04.11"]
[EventType "swiss (blitz)"]
[EventRounds "11"]
[EventCountry "USA"]
[SourceTitle "CBM 213 Extra"]
[Source "ChessBase"]
[SourceDate "2023.05.31"]
[SourceVersion "1"]
[SourceVersionDate "2023.05.31"]
[SourceQuality "1"]

1. e4 e5 2. Nf3 Nc6 3. Bc4 Nf6 4. d3 h6 5. 0-0 g6 6. Nc3 Bg7 7. a4 0-0 8. a5 a6 9. h3 d6 10. Re1 Be6 11. Be3 d5 12. exd5 Nxd5 13. Bd2 Nxc3 14. Bxc3 Bxc4 15. dxc4 Re8 16. Qd5 Qxd5 17. cxd5 Nd4 18. Bxd4 exd4 19. Rxe8+ Rxe8 20. Ra4 Rd8 21. Rb4 Rxd5 22. Rxb7 Rxa5 23. Rxc7 d3 24. cxd3 Bxb2 25. d4 Ra1+ 26. Kh2 Rd1 27. Rc4 a5 28. g4 Ra1 29. Kg2 a4 30. Ne5 a3 31. Rc8+ Kg7 32. Rc7 a2 33. Rxf7+ Kg8 34. Ra7 Bxd4 35. Ra8+ Kg7 36. Nc6 Rc1 37. Nxd4 a1Q 38. Ne6+ Kf6 39. Rxa1 Rxa1 40. Nf4 Ra4 41. Nd5+ Ke5 42. Ne3 Ra2 43. Kf3 g5 44. Kg2 Kf4 45. Nd5+ Ke4 46. Nc3+ 1-0

[Event "Titled Tuesday intern op 07th Feb Early"]
[Site "Chess.com INT"]
[Date "2023.02.07"]
[Round "6"]
[White "Minko, Dmitry"]
[Black "Smietanska, Wiktoria"]
[Result "1-0"]
[WhiteElo "2247"]
[BlackElo "1951"]
[PlyCount "59"]
[EventDate "2023.02.07"]
[EventType "swiss (blitz)"]
[EventRounds "11"]
[EventCountry "USA"]
[SourceTitle "EXT 2024"]
[Source "ChessBase"]
[SourceDate "2023.10.10"]
[SourceVersion "1"]
[SourceVersionDate "2023.10.10"]
[SourceQuality "1"]

1. e4 c5 2. Nf3 d6 3. d4 cxd4 4. Nxd4 Nf6 5. Nc3 a6 6. Bg5 Nbd7 7. Qd2 Qc7 8. 0-0-0 b5 9. f3 h6 10. Be3 Bb7 11. Kb1 b4 12. Nce2 e6 13. Nc1 a5 14. g4 d5 15. Bf4 Qb6 16. Bg3 dxe4 17. h4 exf3 18. Nb5 Bc6 19. Nc7+ Kd8 20. Nxa8 Bxa8 21. Rh2 Bc6 22. g5 Ne4 23. Qf4 e5 24. Qxe5 f6 25. Qe6 Nec5 26. Qf7 Be7 27. Bh3 hxg5 28. Qxg7 Re8 29. Rhd2 Qc7 30. Bxc7+ 1-0

[Event "Titled Tuesday intern op 27th Dec Early"]
[Site "Chess.com INT"]
[Date "2022.12.27"]
[Round "4"]
[White "Atakhan, Abtin"]
[Black "Minko, Dmitry"]
[Result "1-0"]
[WhiteElo "2370"]
[BlackElo "2247"]
[PlyCount "93"]
[EventDate "2022.12.27"]
[EventType "swiss (blitz)"]
[EventRounds "11"]
[EventCountry "USA"]
[SourceTitle "EXT 2024"]
[Source "ChessBase"]
[SourceDate "2023.10.10"]
[SourceVersion "1"]
[SourceVersionDate "2023.10.10"]
[SourceQuality "1"]

1. c4 e6 2. Nf3 d5 3. g3 Nf6 4. Bg2 dxc4 5. Qa4+ Nbd7 6. Qxc4 a6 7. 0-0 b5 8. Qb3 Bb7 9. d4 c5 10. Rd1 Rc8 11. Nc3 c4 12. Qc2 b4 13. Na4 Be4 14. Qd2 c3 15. bxc3 Qa5 16. Nc5 bxc3 17. Qe1 Nxc5 18. dxc5 Bxc5 19. Bg5 Nd5 20. Bh3 h6 21. Bc1 0-0 22. Nd4 Qb4 23. Nb3 Ba7 24. Bg2 Bc2 25. Rxd5 exd5 26. Bxd5 Be4 27. Ba3 Qxa3 28. Bxe4 c2 29. Rc1 Qxa2 30. Bd5 Rb8 31. Qc3 Rfc8 32. Qf3 Qb1 33. Qxf7+ Kh8 34. Qf5 Rxb3 35. Qxc8+ Kh7 36. Qf5+ Kh8 37. Qc8+ Kh7 38. Be4+ g6 39. Qd7+ Kh8 40. Qe8+ Kg7 41. Qe7+ Kh8 42. Qf8+ Kh7 43. Qf7+ Kh8 44. Qf6+ Kg8 45. Bd5+ Kh7 46. Qf7+ Kh8 47. Qg8# 1-0

[Event "Titled Tuesday intern op 27th Dec Early"]
[Site "Chess.com INT"]
[Date "2022.12.27"]
[Round "8"]
[White "Ilkhomi, Jaloliddin"]
[Black "Minko, Dmitry"]
[Result "0-1"]
[WhiteElo "2145"]
[BlackElo "2247"]
[PlyCount "72"]
[EventDate "2022.12.27"]
[EventType "swiss (blitz)"]
[EventRounds "11"]
[EventCountry "USA"]
[SourceTitle "EXT 2024"]
[Source "ChessBase"]
[SourceDate "2023.10.10"]
[SourceVersion "1"]
[SourceVersionDate "2023.10.10"]
[SourceQuality "1"]

1. d4 d5 2. Bf4 Nf6 3. e3 e6 4. Nd2 c5 5. Ngf3 Nc6 6. c3 Nh5 7. Bg3 Nxg3 8. hxg3 Bd6 9. Bd3 h6 10. Qe2 Qc7 11. e4 cxd4 12. exd5 dxc3 13. bxc3 Ne7 14. c4 exd5 15. cxd5 0-0 16. 0-0 Nxd5 17. Rac1 Qd8 18. Nc4 Bb4 19. a3 Re8 20. Qc2 Bf8 21. Rfd1 Be6 22. Be4 Rc8 23. Qb1 Re7 24. Nfe5 Rec7 25. Bh7+ Kh8 26. Bf5 Bxf5 27. Qxf5 Qf6 28. Qe4 Nb6 29. Qe3 Nxc4 30. Rxc4 Rxc4 31. Nxc4 Bc5 32. Qd3 Qxf2+ 33. Kh2 Qf6 34. Nd2 Bb6 35. Ne4 Qf5 36. Nd6 Qh5# 0-1

[Event "Titled Tuesday intern op 27th Dec Early"]
[Site "Chess.com INT"]
[Date "2022.12.27"]
[Round "5"]
[White "Minko, Dmitry"]
[Black "Hartikainen, Jarmo"]
[Result "1-0"]
[WhiteElo "2247"]
[BlackElo "2118"]
[PlyCount "85"]
[EventDate "2022.12.27"]
[EventType "swiss (blitz)"]
[EventRounds "11"]
[EventCountry "USA"]
[SourceTitle "EXT 2024"]
[Source "ChessBase"]
[SourceDate "2023.10.10"]
[SourceVersion "1"]
[SourceVersionDate "2023.10.10"]
[SourceQuality "1"]

1. e4 c5 2. Nf3 e6 3. d4 cxd4 4. Nxd4 Nf6 5. Nc3 d6 6. Be3 Be7 7. f3 0-0 8. Qd2 a6 9. 0-0-0 Nbd7 10. Kb1 Qc7 11. g4 Ne5 12. h4 b5 13. a3 Nc4 14. Bxc4 bxc4 15. h5 Rb8 16. g5 Nd7 17. g6 Qb7 18. b3 cxb3 19. Nxb3 Nc5 20. Bxc5 dxc5 21. h6 fxg6 22. hxg7 Rf7 23. Rxh7 Rxg7 24. Rxg7+ Kxg7 25. Rh1 Bf6 26. Qh6+ Kf7 27. Qh7+ Bg7 28. Rg1 c4 29. Qxg6+ Kf8 30. Rg4 Qf7 31. Qg5 Qf6 32. Rf4 cxb3 33. Rxf6+ Bxf6 34. Qxf6+ Ke8 35. cxb3 Rxb3+ 36. Kc2 Rb7 37. Qh8+ Kd7 38. e5 Rc7 39. Kd3 Kc6 40. Ne4 Bd7 41. Qf8 Kb7 42. Nd6+ Kc6 43. Qb8 1-0

[Event "Titled Tuesday intern op 27th Dec Early"]
[Site "Chess.com INT"]
[Date "2022.12.27"]
[Round "3"]
[White "Minko, Dmitry"]
[Black "Williams, Simon Kim"]
[Result "0-1"]
[WhiteElo "2247"]
[BlackElo "2467"]
[PlyCount "50"]
[EventDate "2022.12.27"]
[EventType "swiss (blitz)"]
[EventRounds "11"]
[EventCountry "USA"]
[SourceTitle "EXT 2024"]
[Source "ChessBase"]
[SourceDate "2023.10.10"]
[SourceVersion "1"]
[SourceVersionDate "2023.10.10"]
[SourceQuality "1"]

1. e4 c5 2. Nf3 d6 3. d4 cxd4 4. Nxd4 Nf6 5. Nc3 g6 6. Be3 a6 7. f3 b5 8. Qd2 Bb7 9. g4 Bg7 10. 0-0-0 h5 11. g5 Nfd7 12. h4 Nb6 13. a3 0-0 14. Qf2 N8d7 15. f4 Rc8 16. f5 Rxc3 17. bxc3 Qc8 18. f6 exf6 19. Nxb5 axb5 20. Bxb6 Qxc3 21. Bd4 Qxa3+ 22. Bb2 Qa2 23. Bd3 Rc8 24. Qd4 Nc5 25. Rhf1 Nb3# 0-1

[Event "Titled Tuesday intern op 20th Dec Early"]
[Site "Chess.com INT"]
[Date "2022.12.20"]
[Round "7"]
[White "Minko, Dmitry"]
[Black "Diaz Perez, Michel Alejandro"]
[Result "1/2-1/2"]
[WhiteElo "2247"]
[BlackElo "2420"]
[PlyCount "243"]
[EventDate "2022.12.20"]
[EventType "swiss (blitz)"]
[EventRounds "11"]
[EventCountry "USA"]
[SourceTitle "EXT 2024"]
[Source "ChessBase"]
[SourceDate "2023.10.10"]
[SourceVersion "1"]
[SourceVersionDate "2023.10.10"]
[SourceQuality "1"]

1. e4 c5 2. Nf3 d6 3. d4 cxd4 4. Nxd4 Nf6 5. Nc3 a6 6. h3 e5 7. Nb3 h5 8. Bg5 Be6 9. Be2 Be7 10. Bxf6 Bxf6 11. Bxh5 Nd7 12. Bg4 Rc8 13. Nd5 Bg5 14. c3 0-0 15. 0-0 b5 16. Bf5 g6 17. Bg4 f5 18. exf5 gxf5 19. Bh5 e4 20. f4 Bh6 21. Ne3 Nc5 22. Nd4 Bd7 23. Bg6 Qf6 24. Qh5 Qg7 25. Nexf5 Bxf5 26. Nxf5 Rxf5 27. Qxf5 Rf8 28. Qd5+ Kh8 29. Bxe4 Qg3 30. Qh5 Qg7 31. Bd5 Nd3 32. f5 Qg5 33. Qxg5 Bxg5 34. b3 Nf4 35. Be6 Ne2+ 36. Kh2 Nxc3 37. Rae1 d5 38. g4 d4 39. Kg3 d3 40. h4 Bd8 41. Re3 Bc7+ 42. Kf3 Rd8 43. g5 b4 44. f6 d2 45. g6 d1Q+ 46. Rxd1 Nxd1 47. g7+ Kh7 48. g8Q+ Rxg8 49. Bxg8+ Kxg8 50. Rd3 Nc3 51. f7+ Kf8 52. Rd7 Be5 53. Ra7 a5 54. h5 Bg7 55. Kg4 Bd4 56. Ra8+ Kxf7 57. Kf5 Nxa2 58. Rb8 Nc1 59. Rd8 Bc3 60. Rd7+ Ke8 61. Ra7 Nxb3 62. h6 Kd8 63. Ke4 Nc5+ 64. Kd5 Nd3 65. Kc4 Nf4 66. Rxa5 Ne6 67. Ra8+ Ke7 68. h7 Nc7 69. h8Q Bxh8 70. Rxh8 Ne6 71. Rh7+ Kd6 72. Kxb4 Ke5 73. Rh8 Nf4 74. Kc3 Nd5+ 75. Kd3 Nf6 76. Ke3 Ng4+ 77. Kf3 Nf6 78. Rf8 Kf5 79. Kg3 Kg5 80. Ra8 Kf5 81. Ra5+ Ke4 82. Kf2 Ng4+ 83. Kg3 Ne5 84. Kf2 Ng4+ 85. Ke2 Ne5 86. Ra4+ Kd5 87. Ke3 Nc4+ 88. Kd3 Ne5+ 89. Kc3 Nf3 90. Ra5+ Ke4 91. Ra8 Ne5 92. Re8 Kd5 93. Re7 Ke4 94. Kd2 Kd4 95. Re8 Ke4 96. Rd8 Nf3+ 97. Ke2 Nd4+ 98. Kf2 Nf5 99. Re8+ Kf4 100. Ra8 Ke4 101. Ra4+ Ke5 102. Kf3 Nd4+ 103. Ke3 Nf5+ 104. Kd3 Ng3 105. Ra5+ Kf4 106. Ra8 Nf5 107. Rf8 Ke5 108. Kc4 Ke4 109. Re8+ Kf4 110. Kd5 Ne3+ 111. Kd4 Nf5+ 112. Kd3 Nd6 113. Re6 Nf5 114. Re1 Ng3 115. Re3 Nf5 116. Re4+ Kf3 117. Re8 Kf4 118. Rf8 Ke5 119. Kc4 Ke4 120. Re8+ Kf4 121. Kd5 Ne3+ 122. Kd4 1/2-1/2

[Event "Titled Tuesday intern op 20th Dec Early"]
[Site "Chess.com INT"]
[Date "2022.12.20"]
[Round "4"]
[White "Minko, Dmitry"]
[Black "Ezat, Mohamed Mahmoud"]
[Result "1-0"]
[WhiteElo "2247"]
[BlackElo "2395"]
[PlyCount "83"]
[EventDate "2022.12.20"]
[EventType "swiss (blitz)"]
[EventRounds "11"]
[EventCountry "USA"]
[SourceTitle "EXT 2024"]
[Source "ChessBase"]
[SourceDate "2023.10.10"]
[SourceVersion "1"]
[SourceVersionDate "2023.10.10"]
[SourceQuality "1"]

1. e4 e5 2. Nf3 Nc6 3. d4 exd4 4. Nxd4 Nf6 5. Nc3 Bb4 6. Nxc6 bxc6 7. Bd3 0-0 8. 0-0 d5 9. exd5 cxd5 10. Bg5 c6 11. Qf3 h6 12. Bxf6 Qxf6 13. Qxf6 gxf6 14. Rae1 Rb8 15. Re3 Bd6 16. Ne2 Bd7 17. b3 Rfe8 18. Rf3 Kg7 19. Nd4 c5 20. Nf5+ Bxf5 21. Rxf5 Re5 22. Rd1 Rbe8 23. Kf1 c4 24. Rxe5 Bxe5 25. bxc4 dxc4 26. Bxc4 Rc8 27. Bb3 Rc7 28. g3 Bc3 29. Rd3 Ba5 30. Ke2 Bb6 31. Kf3 Rc5 32. g4 Re5 33. Rd7 h5 34. Rxf7+ Kg6 35. h3 hxg4+ 36. hxg4 Re1 37. Rd7 Rf1 38. Rd2 Kg5 39. Bc4 Rc1 40. Be6 Ba5 41. Rd5+ Kh4 42. Rh5# 1-0